La novela histórica
Guardat en:
| Autor principal: | |
|---|---|
| Format: | Llibre |
| Idioma: | espanyol |
| Publicat: |
Ciudad de México
Era
1966
|
| Col·lecció: | Biblioteca Era
|
| Matèries: | |
| Etiquetes: |
Afegir etiqueta
Sense etiquetes, Sigues el primer a etiquetar aquest registre!
|
MARC
| LEADER | 00000nam a2200000 a 4500 | ||
|---|---|---|---|
| 001 | UCY8299 | ||
| 003 | CL-VaPUC | ||
| 008 | 950703e19660000MX |||||||||||||||||spa|d | ||
| 082 | 0 | 4 | |a 809.3 |b LUK |2 21 |
| 100 | |a Lukács, Georg |e autor |9 375284 | ||
| 245 | 1 | 3 | |a La novela histórica |
| 300 | |a 451 p | ||
| 942 | |c BK | ||
| 945 | |d 19950703 00:00:00 |a rbrito | ||
| 260 | |a Ciudad de México |b Era |c 1966 | ||
| 650 | 0 | |a Novela |9 313705 | |
| 650 | 0 | |a Historia |9 255047 | |
| 650 | 7 | |a NOVELA HISTORICA |2 CL-VaPUC |9 315497 | |
| 650 | 0 | |a Crítica literaria |9 269189 | |
| 583 | |a last modification |c 19950703 00:00:00 |k Rodrigo Vera | ||
| 490 | 0 | |a Biblioteca Era | |
| 999 | |c 235568 |d 235566 | ||
| 952 | |0 0 |1 0 |4 0 |6 809_300000000000000_LUK_1966 |7 0 |8 A |9 243088 |a BIBART |b BIBART |d 2019-11-18 |i 3098648 |o 809.3 LUK 1966 |p 3098648 |r 2025-03-13 |w 2019-11-18 |y BK |k ART | ||